000 01263nam0a2200337 i 4500
001 RU\NLR\BIBL_A\011008561
005 20241103075901.0
010 _a9785917184197
_9500
021 _aRU
_b2016-12575
_9810
035 _a(NILC)RuMoRGB-008148994
035 _a(NLR Aleph) 011008561
090 _a11009640
_c11009640
100 _a20160314d2015 k y0rusy50 ca
101 0 _arus
102 _aRU
105 _ay|||z|||000yy
200 1 _aФилософия современного социального прогнозирования
_eмонография
_fЕ. В. Гришай, Е. Л. Сердюкова
210 _aКраснодар
_cИздательский Дом - Юг
_d2015
215 _a129 с.
_d21
320 _aБиблиогр.: с. 117-129 (214 назв.)
606 _aСоциальное прогнозирование
_xФилософские вопросы
_92207523
_3RU\NLR\AUTH\661326229
675 _a316
686 1 _aС550.373.11
686 1 _aЮ6
700 1 _aГришай
_bЕ. В.
_gЕлена Васильевна
701 1 _aСердюкова
_bЕ. Л.
_gЕвгения Леонидовна
801 0 _aRU
_bРГБ
_c20160217
_gRCR
942 _cBOOK
980 _aNBR